Выбор местоположения скважин при ОПР баженовской свиты; Oil&Gas Journal Russia; № 11

Bibliographic Details
Parent link:Oil&Gas Journal Russia.— : Открытые системы
№ 11.— 2015.— С. 74-77
Main Author: Гладков Е. А. Евгений Алексеевич
Corporate Author: Национальный исследовательский Томский политехнический университет (ТПУ) Институт природных ресурсов (ИПР) Кафедра геологии и разработки нефтяных месторождений (ГРНМ)
Other Authors: Карпова Е. Г. Евгения Геннадьевна, Пулькина Н. Э. Наталья Эдуардовна
Summary:На фоне истощения традиционных нефтяных резервуаров все более интенсивно происходит апробирование новых технологий добычи из нетрадиционных коллекторов, в частности баженовской свиты. Для этого необходимо пробурить большое число скважин с горизонтальным окончанием, обеспечив устойчивость ствола как прибурении, так и при эксплуатации скважин. В статье приведены результаты исследования керна баженовской свиты на прочность при воздействии различных видов бурового раствора и пресной воды. Дан алгоритм выбора местоположения проектных горизонтальных скважин по критерию устойчивости ее ствола с учетом данных(удельный вес бурового раствора, газовый фактор) геолого-технологических исследований (ГТИ) и результатов 3D моделирования.
Language:Russian
Published: 2015
Series:Геология и геофизика
Subjects:
Online Access:https://elibrary.ru/item.asp?id=25848394
Format: Electronic Book Chapter
KOHA link:https://koha.lib.tpu.ru/cgi-bin/koha/opac-detail.pl?biblionumber=602464

MARC

LEADER 00000naa2a2200000 4500
001 602464
005 20260210130128.0
035 |a (RuTPU)RU\TPU\tpu\28311 
090 |a 602464 
100 |a 20160412d2015 k||y0rusy50 ca 
101 0 |a rus 
102 |a RU 
135 |a drcn ---uucaa 
181 0 |a i   |b  e  
182 0 |a b 
183 0 |a cr  |2 RDAcarrier 
200 1 |a Выбор местоположения скважин при ОПР баженовской свиты  |f Е. А. Гладков, Е. Г. Карпова, Н. Э. Пулькина 
225 1 |a Геология и геофизика 
283 |a online_resource  |2 RDAcarrier 
320 |a Библиогр.: 6 назв. 
330 |a На фоне истощения традиционных нефтяных резервуаров все более интенсивно происходит апробирование новых технологий добычи из нетрадиционных коллекторов, в частности баженовской свиты. Для этого необходимо пробурить большое число скважин с горизонтальным окончанием, обеспечив устойчивость ствола как прибурении, так и при эксплуатации скважин. В статье приведены результаты исследования керна баженовской свиты на прочность при воздействии различных видов бурового раствора и пресной воды. Дан алгоритм выбора местоположения проектных горизонтальных скважин по критерию устойчивости ее ствола с учетом данных(удельный вес бурового раствора, газовый фактор) геолого-технологических исследований (ГТИ) и результатов 3D моделирования. 
461 1 |t Oil&Gas Journal Russia  |n Открытые системы 
463 1 |t № 11  |v С. 74-77  |d 2015 
610 1 |a труды учёных ТПУ 
610 1 |a нефть 
610 1 |a разработки 
610 1 |a месторождения полезных ископаемых 
610 1 |a нефтяные месторождения 
610 1 |a буровые растворы 
610 1 |a пресная вода 
610 1 |a прочность 
610 1 |a керны 
610 1 |a скважины 
610 1 |a бурение 
610 1 |a стволы скважин 
610 1 |a нефтедобыча 
610 1 |a Российская Федерация 
610 1 |a баженовская свита 
610 1 |a геолого-гидродинамическое моделирование 
700 1 |a Гладков  |b Е. А.  |c специалист в области нефтегазового дела  |c доцент Томского политехнического университета, кандидат геолого-минералогических наук  |f 1974-  |g Евгений Алексеевич  |3 (RuTPU)RU\TPU\pers\29350 
701 1 |a Карпова  |b Е. Г.  |c специалист в области нефтегазового дела  |c старший преподаватель Томского политехнического университета  |f 1970-  |g Евгения Геннадьевна  |3 (RuTPU)RU\TPU\pers\27705  |9 12779 
701 1 |a Пулькина  |b Н. Э.  |c специалист в области нефтегазового дела  |c старший преподаватель Томского политехнического университета  |f 1965-  |g Наталья Эдуардовна  |3 (RuTPU)RU\TPU\pers\29491  |9 14031 
712 0 2 |a Национальный исследовательский Томский политехнический университет (ТПУ)  |b Институт природных ресурсов (ИПР)  |b Кафедра геологии и разработки нефтяных месторождений (ГРНМ)  |3 (RuTPU)RU\TPU\col\18657 
801 1 |a RU  |b 63413507  |c 20160412 
801 2 |a RU  |b 63413507  |c 20160413  |g RCR 
856 |u https://elibrary.ru/item.asp?id=25848394  |z https://elibrary.ru/item.asp?id=25848394 
942 |c CR